Southville International School and Colleges
Your cart is empty.
  • Cart
  • Lists
    Public lists Eva Luna New books Lux_list list_1
    Your lists Log in to create your own lists
  • Log in to your account
  • Your cookies
  • Search history
Southville International School and Colleges
  • Advanced search
  • Recent comments
  • Most popular
  • Libraries

Log in to your account

Log in with GOOGLE


If you do not have an external account, but do have a local account, you can still log in:

  1. Home
  2. MARC view: Mosby's tour guide to nursing school :
Normal view MARC view ISBD view

Mosby's tour guide to nursing school : (Record no. 20346)

[ view plain ]
MARC details
000 -LEADER
fixed length control field 00719nam a2200241 a 4500
005 - DATE AND TIME OF LATEST TRANSACTION
control field 20140310183223.0
008 - FIXED-LENGTH DATA ELEMENTS--GENERAL INFORMATION
fixed length control field 030929s19uu xx 00 eng d
020 ## - INTERNATIONAL STANDARD BOOK NUMBER
International Standard Book Number 0815115393
050 ## - LIBRARY OF CONGRESS CALL NUMBER
Classification number RT 73
Item number .C49 1995
100 ## - MAIN ENTRY--PERSONAL NAME
Personal name Chenevert, Melodie
245 ## - TITLE STATEMENT
Title Mosby's tour guide to nursing school :
Remainder of title A student's road survival kit /
Statement of responsibility, etc Melodie Chenevert.
250 ## - EDITION STATEMENT
Edition statement 3rd ed.
260 ## - PUBLICATION, DISTRIBUTION, ETC. (IMPRINT)
Place of publication, distribution, etc St. Louis, Missouri :
Name of publisher, distributor, etc Mosby,
Date of publication, distribution, etc 1995.
300 ## - PHYSICAL DESCRIPTION
Extent xv, 216p. ;
Dimensions 24cm.
500 ## - GENERAL NOTE
General note Includes bibliographical references and index
521 ## - TARGET AUDIENCE NOTE
Target audience note
650 ## - SUBJECT ADDED ENTRY--TOPICAL TERM
Topical term or geographic name as entry element Nursing students
650 ## - SUBJECT ADDED ENTRY--TOPICAL TERM
Topical term or geographic name as entry element Nursing school
650 ## - SUBJECT ADDED ENTRY--TOPICAL TERM
Topical term or geographic name as entry element Nursing
General subdivision vocational guidance
650 ## - SUBJECT ADDED ENTRY--TOPICAL TERM
Topical term or geographic name as entry element Success
942 ## - ADDED ENTRY ELEMENTS (KOHA)
Koha item type Books
Source of classification or shelving scheme Library of Congress Classification
Call number prefix Foreign
Holdings
Withdrawn status Lost status Source of classification or shelving scheme Damaged status Home library Current library Shelving location Date acquired Total Checkouts Full call number Barcode Date last seen Copy number Price effective from Koha item type
    Library of Congress Classification   College Library College Library General Circulation Section 01/13/2014   RT 73 .C49 1995 C4129 05/15/2018 1 01/13/2014 Books

Mosby's tour guide to nursing school :

APA

Chenevert M., . (1995). Mosby's tour guide to nursing school. St. Louis, Missouri: Mosby.

Chicago

Chenevert Melodie, . 1995. Mosby's tour guide to nursing school. St. Louis, Missouri: Mosby.

Harvard

Chenevert M., . (1995). Mosby's tour guide to nursing school. St. Louis, Missouri: Mosby.

MLA

Chenevert Melodie, . Mosby's tour guide to nursing school. St. Louis, Missouri: Mosby. 1995.

  • Place hold
  • Print
  • Cite
  • Add to your cart (remove)
  • Save record
    BIBTEX Dublin Core MARCXML MARC (non-Unicode/MARC-8) MARC (Unicode/UTF-8) MARC (Unicode/UTF-8, Standard) MODS (XML) RIS
  • More searches
    Search for this title in:
    Other Libraries (WorldCat) Other Databases (Google Scholar) Online Stores (Bookfinder.com) Open Library (openlibrary.org)

Exporting to Dublin Core...

SOUTHVILLE LIBRARY

Southville International School and Colleges Library

1281 Tropical Ave. Cor. Luxembourg St., BF Homes International, Las Pinas City

Tel. No. 8256374 / 252358 Loc. 117/146

Powered by Koha